Govt. of
Madhya Pradesh

NTA UGC NET SET JRF 2024 TEACHING AND RESEACH APTITUDE PAPER 1 (Record no. 67244)

MARC details
000 -LEADER
fixed length control field 00319nam a22001217a 4500
082 ## - DEWEY DECIMAL CLASSIFICATION NUMBER
Classification number 370
100 ## - MAIN ENTRY--AUTHOR NAME
Personal name Madan , kvs
245 ## - TITLE STATEMENT
Title NTA UGC NET SET JRF 2024 TEACHING AND RESEACH APTITUDE PAPER 1
250 ## - EDITION STATEMENT
Edition statement 8TH
260 ## - PUBLICATION, DISTRIBUTION, ETC. (IMPRINT)
Place of publication Noida
Name of publisher pearson india education services
Year of publication 2024
650 ## - SUBJECT ADDED ENTRY--TOPICAL TERM
Topical Term Education
942 ## - ADDED ENTRY ELEMENTS (KOHA)
Koha item type Books
Holdings
Withdrawn status Lost status Damaged status Not for loan Home library Current library Date acquired Cost, normal purchase price Full call number Accession Number Price effective from Koha item type
        MACL MACL 19/10/2024 575.00 370 DPI002571 19/10/2024 Books
        MACL MACL 19/10/2024 575.00 370 DPI002569 19/10/2024 Books
        MACL MACL 19/10/2024 575.00 370 DPI002570 19/10/2024 Books